| 000 | 00478 a2200157 4500 | ||
|---|---|---|---|
| 003 | NUST | ||
| 038 | _aAtta | ||
| 082 | _aBIT-9 | ||
| 100 |
_aBilal Arshad _992205 |
||
| 245 |
_aRestaurant order processing system (ROPS) _cBilal Arshad |
||
| 260 |
_aIslamabad _bNUST-SEECS _c2012 |
||
| 300 |
_a46p. _b;ill. _c;27cm.+ _eCD ROM |
||
| 500 | _aSupervisors: Dr. Hamid Mukhtar, Shahryar Khan | ||
| 856 | _uhttp://10.250.8.41:8080/xmlui/handle/123456789/11727 | ||
| 942 |
_cPR _kBIT-9 BIL _2ddc |
||
| 999 |
_c11367 _d11367 |
||